| 000 | 00496nam a2200133Ia 4500 | ||
|---|---|---|---|
| 008 | 171207s9999 xx 000 0 und d | ||
| 100 | _aLeBel, Etienne P. | ||
| 245 | _aFalsifiability is not optional. | ||
| 245 | _cLeBel, Etienne P.; Berger, Derek; Campbell, Lorne; Loving, Timothy J. | ||
| 260 | _c2017 | ||
| 300 | _apages 254-261, August 2017 | ||
| 440 |
_aJournal of Personality and Social Psychology _v113:2 |
||
| 650 | _aDIRECT REPLICATION, FALSIFICATION, POWER, REPLICABILITY, TRANSPARENCY | ||
| 999 |
_c347612 _d347612 |
||